LEADER 01678nam--22004931i-450- 001 990000011790203316 005 20000301 010 $a90-5410-955-6 035 $a0001179 035 $aUSA010001179 035 $a(ALEPH)000001179USA01 035 $a0001179 100 $a20000301d1998----|||y0itay0103----ba 101 $aeng 102 $aNL 105 $a||||||||001yy 200 1 $aMechanics of jointed and faulted rock$eproceedings of the third international conference on Mechanics of jointed and faulted rock, Vienna, 6-9 April 1998$fedited by Hans-Peter Rossmanith 210 $aRotterdam$cA.A. Balkema$d1998 215 $aXIV, 658 p.$d25 cm 606 0 $aCongressi$yVienna$z1998 606 0 $aMeccanica delle rocce$xCongressi$z1998 676 $a624.15132 702 1$aROSSMANITH,$bHans-Peter 710 12$aInternational conference on Mechanics of jointed and faulted rock <3. ; Vienna ; 1998>$0754428 912 $a990000011790203316 951 $a624.15132 INT$b10945 Ing.$c624.15132 959 $aBK 969 $aTEC 979 $c20000914$lUSA01$h1707 979 $c20001019$lUSA01$h1053 979 $c20001019$lUSA01$h1450 979 $c20001019$lUSA01$h1458 979 $c20001019$lUSA01$h1535 979 $c20001024$lUSA01$h1511 979 $c20001027$lUSA01$h1516 979 $c20001027$lUSA01$h1520 979 $c20001110$lUSA01$h1708 979 $c20001124$lUSA01$h1205 979 $aPATTY$b90$c20011107$lUSA01$h1117 979 $aPATTY$b90$c20011107$lUSA01$h1119 979 $c20020403$lUSA01$h1609 979 $aPATRY$b90$c20040406$lUSA01$h1602 996 $aMechanics of jointed and faulted rock$91518023 997 $aUNISA LEADER 02347nam0 22005053i 450 001 VAN0191295 005 20230613102537.560 017 70$2N$a9783319520254 100 $a20210723d2017 |0itac50 ba 101 $aeng 102 $aCH 105 $a|||| ||||| 200 1 $aQuantum Simulations with Photons and Polaritons$eMerging Quantum Optics with Condensed Matter Physics$fDimitris G. Angelakis editor 210 $aCham$cSpringer$d2017 215 $axiii, 214 p.$cill.$d24 cm 410 1$1001VAN0133046$12001 $aQuantum Science and Technology$1210 $aBerlin [etc.]$cSpringer 500 1$3VAN0191297$aQuantum Simulations with Photons and Polaritons$91964425 606 $a81-XX$xQuantum theory [MSC 2020]$3VANC019967$2MF 606 $a82-XX$xStatistical mechanics, structure of matter [MSC 2020]$3VANC021931$2MF 606 $a00A79 (77-XX)$xPhysics [MSC 2020]$3VANC023182$2MF 606 $a81V80$xQuantum optics [MSC 2020]$3VANC023592$2MF 606 $a78A60$xLasers, masers, optical bistability, nonlinear optics [MSC 2020]$3VANC029030$2MF 610 $aGauge Fields with Photons$9KW:K 610 $aInteracting Relativistic Theories$9KW:K 610 $aIntroduction to Quantum Simulators$9KW:K 610 $aLuttinger Liquid Physics$9KW:K 610 $aMott Transitions$9KW:K 610 $aPhotonic Quantum Simulators$9KW:K 610 $aQuantum Fluids of Photons$9KW:K 610 $aQuantum Simulation$9KW:K 610 $aQuantum Simulators$9KW:K 610 $aReview of Quantum Simulators$9KW:K 610 $aTopological Effects in Photonic Materials$9KW:K 610 $aphotonic crystals$9KW:K 620 $aCH$dCham$3VANL001889 702 1$aAngelakis$bDimitris G.$3VANV169764 712 $aSpringer $3VANV108073$4650 801 $aIT$bSOL$c20240614$gRICA 856 4 $uhttp://doi.org/10.1007/978-3-319-52025-4$zE-book ? Accesso al full-text attraverso riconoscimento IP di Ateneo, proxy e/o Shibboleth 899 $aBIBLIOTECA DEL DIPARTIMENTO DI MATEMATICA E FISICA$1IT-CE0120$2VAN08 912 $fN 912 $aVAN0191295 950 $aBIBLIOTECA DEL DIPARTIMENTO DI MATEMATICA E FISICA$d08CONS e-book 3246 $e08eMF3246 20210723 996 $aQuantum Simulations with Photons and Polaritons$91964425 997 $aUNICAMPANIA